Koncepčný návrh damprovej nadstavby nakladača Valet 150
Enregistré dans:
| Auteur principal: | |
|---|---|
| Autres auteurs: | |
| Format: | Manuscrit Livre |
| Langue: | slovaque |
| Publié: |
2025
|
| Sujets: | |
| Accès en ligne: | http://is.stuba.sk/zp/portal_zp.pl?podrobnosti=185454 |
| Tags: |
Pas de tags, Soyez le premier à ajouter un tag!
|
MARC
| LEADER | 00000ntm a22000003a 4500 | ||
|---|---|---|---|
| 001 | stuzp105370 | ||
| 003 | SK-STU | ||
| 005 | 20250621210523.7 | ||
| 007 | ta | ||
| 008 | 150427s2015----xo-----f-mn---000-0-slo-d | ||
| 040 | |a STU |b slo | ||
| 041 | 0 | |a slo | |
| 100 | 1 | |a Oltman, Marek |u 020030 |4 aut |U SjF Strojnícka fakulta |T SjF Ústav automobilového inžinierstva a konštruovania |X 111628 |U J0030 |Y 806 |7 111628 | |
| 242 | 0 | 1 | |a Conceptual Design of the Dumper Attachment for the Valet 150 Loader |y eng |
| 245 | 1 | 0 | |a Koncepčný návrh damprovej nadstavby nakladača Valet 150 |
| 260 | |c 2025 | ||
| 650 | 4 | |a damper |2 slo | |
| 650 | 4 | |a korba |2 slo | |
| 650 | 4 | |a otočný kozlík |2 slo | |
| 650 | 4 | |a priamočiary hydromotor |2 slo | |
| 650 | 4 | |a Valet 150 |2 slo | |
| 650 | 4 | |a skip |2 eng | |
| 650 | 4 | |a slewing support |2 eng | |
| 650 | 4 | |a Valet 150 |2 eng | |
| 650 | 4 | |a linear hydraulic motor |2 eng | |
| 650 | 4 | |a dumper |2 eng | |
| 700 | 1 | |a Gulan, Ladislav |u 020030 |k Z1 |4 ths |U SjF Strojnícka fakulta |T SjF Ústav automobilového inžinierstva a konštruovania |X 2356 |U J0030 |Y 806 |7 A000002356 | |
| 856 | 4 | |u http://is.stuba.sk/zp/portal_zp.pl?podrobnosti=185454 | |